000 00654nam a22002297a 4500
005 20170124110112.0
010 _a190653
020 _c00.00
035 _a190653
037 _bCen Lib/Ret
040 _aDPL
_bEN
082 _a921
_bCHA
100 _aChakrabarti, Atulananda
_929261
245 _aNehru :
_bhis democracy and India /
_cby Atulananda Chakrabarti
260 _aCalcutta
_bThacker,s Press
_c1961
270 _a6-B, Bentinck Street
_bCalcutta
300 _axi,437p.
_b20cm(Hb)
500 _aIncludes index
650 _aPolitical Science
_929262
650 _aPrime ministers
_916267
942 _2ddc
_cEN
_h921
_mCHA
999 _c130462
_d130462